|
|
|
|
| LEADER |
00859nam a2200217 a 4500 |
| 001 |
00024925 |
| 008 |
120408s2010 enka 001 0 eng d |
| 020 |
|
|
|a 9781906124762
|
| 040 |
|
|
|a BD-DhAAL
|c BD-DhAAL
|
| 082 |
0 |
4 |
|a 005.14
|2 19
|
| 245 |
1 |
0 |
|a Software Testing :
|b an ISTQB-ISEB foundation guide /
|c Brian Hambling (editor) [et.al]
|
| 250 |
|
|
|a 2nd ed.
|
| 260 |
|
|
|a London :
|b British Informatics Society,
|c 2010.
|
| 300 |
|
|
|a xii, 223 p. :
|b ill. ;
|c 24 cm.
|
| 504 |
|
|
|a Includes index.
|
| 541 |
1 |
|
|e 00024925
|
| 650 |
|
0 |
|a Computer software
|x Testing
|x Examinations
|v Study guides.
|
| 700 |
1 |
|
|a Hambling, Brian.
|
| 852 |
1 |
|
|a Ayesha Abed Library
|j General shelf
|
| 999 |
|
|
|c 12073
|d 12073
|
| 952 |
|
|
|0 0
|1 0
|4 0
|6 005_140000000000000_SOF
|7 0
|9 19945
|a BRACUL
|b BRACUL
|c GEN
|d 2012-04-08
|e Trim Education
|g 4475.00
|l 2
|m 27
|o 005.14 SOF
|p 3010024925
|r 2023-01-19
|s 2022-08-07
|t 1
|w 2012-04-08
|y BK
|